NBA Triple-Doubles Quiz - Statistics

General Stats
  • This quiz has been taken 234 times
    59 since last reset
  • The average score is 4 of 15
Answer Stats
Answer % Correct
Russell Westbrook
100%
Oscar Robertson
73%
LeBron James
66%
Magic Johnson
39%
Nikola Jokić
39%
Wilt Chamberlain
16%
Josh Giddey
11%
Karl Malone
11%
Luka Dončić
11%
Isiah Thomas
2%
Rajon Rondo
2%
Elmore Smith
0%
Kendall Gill
0%
Larry Kenon
0%
Maurice Stokes
0%
No matching quizzes found
Score Distribution
Percent of People with Each Score
Percentile by Number Answered
Your Score History
You have not taken this quiz since the last reset